000 00338 a2200133 4500
000 nam a22 7a 4500
100 _aMookerji Radha Kumud
110 _aMookerji Radha Kumud
245 _aChandraGupta Maurya and His Times
250 _alatest edition
260 _bNation Press
_c2026
264 _bNation Press
_c2026
942 _cBK
999 _c395514
_d395514